| 000 -ლიდერი |
| ფიქსირებული სიგრძის საკონტროლო ველი |
01306nam a22002177a 4500 |
| 003 - საკონტროლო ნომრის იდენტიფიკატორი |
| საკონტროლო ველი |
Ge_BSU |
| 005 - ბოლო ოპერაციის თარიღი და დრო |
| საკონტროლო ველი |
20240819130933.0 |
| 008 - ფიქსირებული სიგრძის მონაცემთა ელემენტები - ზოგადი ინფორმაცია |
| ფიქსირებული სიგრძის საკონტროლო ველი |
240711s2023 ge ||||| |||| 00| 0 geo d |
| 041 ## - ენის კოდი |
| Language code of text/sound track or separate title |
geo |
| 080 ## - უნივერსალური ათობითი კლასიფიკაციის ინდექსი |
| Universal Decimal Classification number |
616.31(075.8)თ-49 |
| 245 ## - ცნობა სათაურის შესახებ |
| Title |
თერაპიული სტომატოლოგია : |
| Remainder of title |
სახელმძღვანელო უმაღლესი სასწავლებლის სტუდენტებისა და ექიმებისათვის / |
| Statement of responsibility, etc |
ე.ვ. ბოროვსკის, რედაქციით, თარგმანის რედ: ლია ჭელიძე, მაია ქორიძე. |
| 264 ## - წარმოების, გამოცემის, დისტრიბუციის და სხვა ცნობები |
| გამოცემის, წარმოების, დისტრიბუციის... ადგილი |
თბილისი: |
| გამოცემის, წარმოების, დისტრიბუციის... სახელწოდება |
მთაწმინდელი, |
| გამოცემის, წარმოების, დისტრიბუციის... თარიღი |
2023. |
| 300 ## - ფიზიკური აღწერა |
| Extent |
339გვ.: |
| Other physical details |
სურ., ილ., ცხ. |
| Dimensions |
29 სმ. |
| 440 ## - სერიის ცნობა / დამატებულია ჩანაწერი - სათაური |
| Title |
სასწავლო ლიტერატურა |
| 9 (RLIN) |
6329 |
| 653 ## - INDEX TERM--UNCONTROLLED |
| Uncontrolled term |
სტომატოლოგია |
| 653 ## - INDEX TERM--UNCONTROLLED |
| Uncontrolled term |
მედიცინა |
| 700 ## - ADDED ENTRY--PERSONAL NAME |
| Personal name |
ბოროვსკი, ე.ვ |
| Relator term |
რედაქციით |
| 9 (RLIN) |
22805 |
| 700 ## - ADDED ENTRY--PERSONAL NAME |
| Personal name |
ჭელიძე, ლია |
| Relator term |
თარგმნის რედაქტორი |
| 9 (RLIN) |
3310 |
| 700 ## - ADDED ENTRY--PERSONAL NAME |
| Personal name |
ქორიძე, მაია |
| Relator term |
თარგმნის რედაქტორი |
| 9 (RLIN) |
3311 |
| 942 ## - ADDED ENTRY ELEMENTS (KOHA) |
| Source of classification or shelving scheme |
|
| Koha item type |
წიგნი |